La guerra de los diez años (Record no. 76072)

MARC details
000 -LEADER
campo de control de longitud fija 00948nam a2200217 i 4500
001 - NÚMERO DE CONTROL
campo de control 76072
003 - IDENTIFICADOR DE NÚMERO DE CONTROL
campo de control ES-MaACL
005 - FECHA Y HORA DE LA ÚLTIMA TRANSACCIÓN
campo de control 20250928134702.0
007 - CAMPO FIJO DE DESCRIPCIÓN FÍSICA--INFORMACIÓN GENERAL
campo de control de longitud fija t|
008 - DATOS DE LONGITUD FIJA--INFORMACIÓN GENERAL
campo de control de longitud fija 040929s1949 cu ||||1| spa d
100 1# - ENTRADA PRINCIPAL--NOMBRE DE PERSONA
Nombre de persona Guerra y Sánchez, Ramiro.
9 (RLIN) 60526
245 13 - MENCIÓN DEL TÍTULO
Título La guerra de los diez años
Resto del título : su sentido profundo en la historia de Cuba, 1868-1878 /
Mención de responsabilidad, etc. discursos leídos en la recepción pública de Ramiro Guerra y Sánchez, el 14 de julio de 1949 ; contesta en nombre de la Corporación, Cosme de la Torriente y Peraza.
260 ## - PUBLICACIÓN, DISTRIBUCIÓN, ETC.
Lugar de publicación, distribución, etc. La Habana :
Nombre del editor, distribuidor, etc. [s.n.,
Fecha de publicación, distribución, etc. 1949] (
Fabricante Imp. El Siglo XX)
300 ## - DESCRIPCIÓN FÍSICA
Extensión 84 p. ;
Dimensiones 25 cm.
500 ## - NOTA GENERAL
Nota general Precede al tit.: Academia de la Historia de Cuba.
651 #4 - PUNTO DE ACCESO ADICIONAL DE MATERIA--NOMBRE GEOGRÁFICO
Nombre geográfico Cuba-
Subdivisión general Historia-
Subdivisión cronológica 1868-1878, Guerra de los Diez Años.
9 (RLIN) 8103
700 1# - ENTRADA AGREGADA--NOMBRE PERSONAL
Nombre de persona Torriente, Cosme de la,
Fechas asociadas al nombre n. 1872
9 (RLIN) 111040
710 2# - ENTRADA AGREGADA--NOMBRE DE ENTIDAD CORPORATIVA
Nombre de entidad corporativa o nombre de jurisdicción como elemento de entrada Academia de la Historia de Cuba.
9 (RLIN) 1183
852 ## - LOCALIZACIÓN
Ubicación ES-MaACL
Número de control de estantería 1900-F-12
Sublocalización o colección R.28839
Holdings
Estatus retirado Estado de pérdida Estado de daño No para préstamo Colección Biblioteca de origen Biblioteca actual Ubicación en estantería Fecha de adquisición Fuente de adquisición Total de préstamos Signatura topográfica completa Código de barras Visto por última vez Precio de reemplazo Tipo de ítem Koha
        Colección de folletos Biblioteca del Ateneo de Madrid Biblioteca del Ateneo de Madrid Depósito folletos 17/01/2008     1900-F-12 1079612 23/02/2023 23/02/2023 Folleto